Amendments to the Construction Act (Record no. 83768)

MARC details
000 -LEADER
fixed length control field 00787cab a22002415a 4500
001 - CONTROL NUMBER
control field L154974
008 - FIXED-LENGTH DATA ELEMENTS--GENERAL INFORMATION
fixed length control field 120213s2012 xxk 000 0 eng d
035 ## - SYSTEM CONTROL NUMBER
System control number (Sirsi) u154974
041 0# - LANGUAGE CODE
Language code of text/sound track or separate title eng
100 1# - MAIN ENTRY--PERSONAL NAME
Personal name McGuire, Kevin
245 00 - TITLE STATEMENT
Title Amendments to the Construction Act
Remainder of title 1 October 2011
260 ## - PUBLICATION, DISTRIBUTION, ETC.
Date of publication, distribution, etc. 2012
490 ## - SERIES STATEMENT
Series statement Project Control Professional
Volume/sequential designation 50(1) February 2012, 23-24(2)
520 ## - SUMMARY, ETC.
Summary, etc. Summarizes the most notable amendments to the Construction Act.
590 ## - LOCAL NOTE (RLIN)
Local note KA
650 24 - SUBJECT ADDED ENTRY--TOPICAL TERM
Topical term or geographic name entry element HOUSING GRANTS, CONSTRUCTION AND REGENERATION ACT 1996
650 24 - SUBJECT ADDED ENTRY--TOPICAL TERM
Topical term or geographic name entry element LOCAL DEMOCRACY, ECONOMIC DEVELOPMENT AND CONSTRUCTION ACT, 2009
651 #4 - SUBJECT ADDED ENTRY--GEOGRAPHIC NAME
Geographic name United Kingdom
Chronological subdivision
690 ## - LOCAL SUBJECT ADDED ENTRY--TOPICAL TERM (OCLC, RLIN)
Topical term or geographic name as entry element Construction management
9 (RLIN) 6230
690 ## - LOCAL SUBJECT ADDED ENTRY--TOPICAL TERM (OCLC, RLIN)
Topical term or geographic name as entry element Contracts
9 (RLIN) 6232
690 ## - LOCAL SUBJECT ADDED ENTRY--TOPICAL TERM (OCLC, RLIN)
Topical term or geographic name as entry element Procurement-old
942 ## - ADDED ENTRY ELEMENTS (KOHA)
Suppress in OPAC 0
Holdings
Withdrawn status Lost status Source of classification or shelving scheme Damaged status Not for loan Home library Current library Shelving location Date acquired Total Checkouts Full call number Barcode Date last seen Copy number Price effective from Koha item type
    Dewey Decimal Classification     London London Journal article 13/02/2012   L154974 154974-1001 06/08/2019 1 06/08/2019 Journal article